1154 1946 1469 1179 1285 1875 1669 1629 1041 1609 1158 1903 1873 1406 1691 1475 1123 1694 1032 1853 1722 1133 1721 1341 1880 1342 1280 1071 1430 1794 1039 1966 1690 1756 1532 1040 1336 1645 1937 1819 1937 1856 1405 1370 1404 1957 1432 1608 1581 1846 1973 1367 1061 1366 1998 1815 1346 1150 1598 1586 1684 1447 1464 1239 1419 1158 1972 1701 1538 1030 1251 1469 1516 1348 1139 1117 1477 1940 1619 1988 1263 1429 1672 1266 1196 1745 1142 1045 1833 1774 1329 1796 1454 1748 1914 1111 1882 1411 1670 BCNSPRNW ULIB Ver.6.0+V

เปลี่ยนเป็นภาษาไทย

Change to English
 แสดงรายละเอียดบรรณานุกรม
  กลับหน้าหลัก

Brief Record : Get Marc (ISO 2709) : E-mail record : QR code < ปิดหน้าต่าง
LEADER : 00000nam 2200000uu 4500
001    13399112324
003     ULIB
008    110627s||||||||th 000 0 tha d
020    9786160603626
090    นว.^bจ757P มปป.
100 0  เจ้าปลาน้อย
245 00 Pandora-Z...ซ่อนรักไว้เป็นความลับ/^cเจ้าปลาน้อย
260    กรุงเทพฯ :^bแจ่มใส,^cมปป.
300    180 หน้า
710 1  แจ่มใส
945    ^p139^l0^i030391
995    ทศพร
999 ^a ใช้งานได้ทุกระบบ
รายการนี้ยังไม่มีแท็ก
คุณยังไม่ได้ล็อกอิน คุณสามารถมีกิจกรรมร่วมกับเว็บไซต์ได้ แต่ต้องล็อกอินก่อน ::
  ล็อกอิน

รายการสื่อสารสนเทศ

ลำดับที่ ประเภท เลขเรียก/บาร์โค้ด สถานที่ สถานะ
- ไม่พบข้อมูล -

รายการใกล้เคียง
    ผู้แต่ง [เจ้าปลาน้อย]

BibComment


ยังไม่เคยถูกคอมเมนท์

คอมเมนท์ทรัพยากรรายการนี้
  คอมเมนท์: PandoraZซ่อนรักไว..


 Copyright 2026. Bcnsprnw @Library